| 000 | 00563nam a2200169Ia 4500 | ||
|---|---|---|---|
| 003 | GCL | ||
| 008 | 140319s9999 xx 000 0 ara d | ||
| 040 |
_aGCL / _cGCL |
||
| 082 | 0 | 4 |
_a822.042 _bك م |
| 100 | 1 | _aمحمود على مكى | |
| 245 | 1 | 0 |
_aمركب بلا ضياء (هدية من الاديب عبدالفتاح الجمل) / _cمحمود على مكى |
| 700 | 1 | _aكاسونا، الخاندرو | |
| 490 |
_aمسرحيات عالمية _v0 |
||
| 650 | 0 | 4 | _aالمسرحيات |
| 650 | 0 | 4 | _aالمسرحيات الانجليزية |
| 942 |
_2ddc _cBK |
||
| 999 |
_c39885 _d39885 |
||